| 000 | 00509nam a2200193Ia 4500 | ||
|---|---|---|---|
| 005 | 20250423095931.0 | ||
| 008 | 250422s9999 xx 000 0 und d | ||
| 020 | _a1-55850-467-2 | ||
| 050 | _aHF 5549.5.I6 .Y37/ | ||
| 100 | _aMartin Yate | ||
| 245 | 0 | _aKnock 'em dead: The Ultimate Job-Seeker's Handbook | |
| 250 | _a1995 Edition | ||
| 260 | _aAmerica | ||
| 260 | _bAdams Publishing Holbrook, Massachusetts | ||
| 260 | _c1999 | ||
| 300 | _a300 p | ||
| 650 | _aEmployment Interviewing | ||
| 942 | _cBK | ||
| 999 |
_c31776 _d31776 |
||